Personnage des aventures de Tintin : Ridgewell - Statistiques

Statistiques générales
  • Ce quiz a été pris 41 fois
  • Le résultat moyen est 13 sur 16
Statistiques - réponses
Questions Réponses % Correct
Général qui destitué par son rival revenu au pouvoir, est devenu ami de Ridgewell et de sa nation amérindienne. Le Général Alcazar
100%
Chef d'État, rival du précédent (réponse #9] qui a encouragé ce vice chez les rebelles et les Amérindiens. Ridgewell dira de façon sarcastique qu'il a fait du "beau travail". Le Général Tapioca
100%
Nationalité de Ridgewell. Britannique
97%
Nombre d'années qui se sont écoulées depuis la disparition de Ridgewell, d'après Don José Trujillo, hôte de Tintin : plus de __ ans. Dix
97%
Sport que Ridgewell tente vainement d'apprendre aux membres de sa tribu d'adoption. Le golf
97%
Albums des aventures de Tintin dans lesquels apparaît Ridgewell. L'Oreille cassée
97%
Albums des aventures de Tintin dans lesquels apparaît Ridgewell. Tintin et les Picaros
97%
Vice dont Ridgewell déplore les rapide progrès au sein de sa tribu, lors de ses retrouvailles avec Tintin. L'alcool
90%
Personnage récurrent des aventures de Tintin que les Amérindiens de Ridgewell tentèrent de dépouiller. Il s'interposa. Tryphon Tournesol
90%
Pays imaginaire où se situe le territoire des Amérindiens qui ont adopté Ridgewell. Le San Theodoros
83%
Peuple amérindien auprès duquel Ridgewell a décidé de vivre en fuyant la "civilisation". Les Arumbayas
83%
Don d'illusionniste que possède Ridgewell et qui lui permit de faire parler un fétiche et de se sauver avec Tintin d'une situation compromise. La ventriloquie
79%
Personnage de roman créé par Henri Vernes et célébré par une chanson d'Indochine, personnage dont les aventures ont été adaptées en bande dessinée. Henri Vernes s'est inspiré du même mythe. Ce personnage partit à la recherche du précédent dans le roman "Sur la piste de ..." [nom du précédent], ne le trouva pas mais découvrit la cité perdue dont il rêvait. Bob Morane
72%
Boisson alcoolisée que propose le chef de la tribu à ses invités. Comme Tintin ne peut pas le boire car il est infect, Ridgewell lui fait la leçon : "On essaye de se plier aux coutumes locales quand on voyage". Pourtant, lui aussi le trouvera infect. Du whisky
72%
Nom de cet explorateur anglo-saxon dont Tintin lisait le livre lorsqu'il était toujours en Europe et dont Ridgewell confirme, après en avoir parlé avec le chef Kaloma, que les anciens de la tribu se souviennent qu'un fétiche lui a été offert en signe d'amitié au cours de son séjour parmi la tribu. Ch. J. Walker
28%
Cartographe, archéologue et explorateur britannique disparu dans la jungle brésilienne en 1925 en tentant de trouver une cité perdue. Le fait que ses restes n'ont jamais été retrouvés a donné naissance à une série de mythes, d'histoires et de rumeurs qui ont duré un quart de siècle, légendes comme quoi il aurait finalement découvert la cité perdue et qu'il aurait décidé de ne plus retourner vers la civilisation ou qu'il vivrait chez les Amérindiens. Hergé s'est inspiré de son histoire pour créer le personnage de Ridgewell. Percival Harrison dit « Percy » Fawcett
17%
Aucun quiz correspondant
Distribution des résultats
% des personnes avec chaque résultat
Percentile par nombre de réponses
Votre historique - résultats
Vous n’avez pas pris ce quiz